| 000 | 00831nam a22002417a 4500 | ||
|---|---|---|---|
| 005 | 20251108170919.0 | ||
| 008 | 250721s1997 xx 000 0 ara d | ||
| 082 | 1 | 4 | _a304.6/عوض |
| 100 | 1 | _aعوض، السيد حنفي | |
| 245 | 1 | 0 |
_aفي الديموجرافيا الإجتماعية : _bالمشكلة السكانية و تحديات الحياة / |
| 264 | 1 |
_aالإسكندريه : _bالدار الجامعية، _c1997. |
|
| 300 | _a211ص | ||
| 650 | 1 | 7 | _aالسكان |
| 650 | 1 | 7 | _aالنظرية السكانية |
| 650 | 1 | 7 | _aالنمو السكاني |
| 650 | 1 | 7 | _aالإحصاءات الديمغرافية |
| 650 | 1 | 7 | _aتنظيم الأسرة |
| 650 | 1 | 7 | _aمشكلة السكان |
| 650 | 1 | 7 | _aحجم السكان |
| 650 | 1 | 7 | _aالتوزيع السكاني |
| 942 |
_2ddc _cBK |
||
| 999 |
_c51988 _d51988 |
||